BSc Agriculture: Entrance Exams 2012 (Record no. 13844)
[ view plain ]
| 000 -LEADER | |
|---|---|
| fixed length control field | 00447nam a22001457a 4500 |
| 020 ## - INTERNATIONAL STANDARD BOOK NUMBER | |
| ISBN | 9788183480895 |
| 082 ## - DEWEY DECIMAL CLASSIFICATION NUMBER | |
| Classification number | 028.702 ARI/BS |
| 100 ## - MAIN ENTRY--AUTHOR NAME | |
| Personal name | Arihant |
| 245 ## - TITLE STATEMENT | |
| Title | BSc Agriculture: Entrance Exams 2012 |
| 260 ## - PUBLICATION, DISTRIBUTION, ETC. (IMPRINT) | |
| Place of publication | New Delhi |
| Name of publisher | Arihant Publications |
| Year of publication | 2012 |
| 300 ## - PHYSICAL DESCRIPTION | |
| Number of Pages | 99 |
| 500 ## - GENERAL NOTE | |
| General note | Mental Ability Test, Physics, Chemistry, Biology, Mathematics, Agriculture Science |
| 520 ## - SUMMARY, ETC. | |
| Summary, etc | Conducted by Various Indian universities |
| 942 ## - ADDED ENTRY ELEMENTS (KOHA) | |
| Koha item type | Books |
| Withdrawn status | Lost status | Damaged status | Collection code | Home library | Current library | Shelving location | Date acquired | Source of acquisition | Cost, normal purchase price | Full call number | Accession Number | Koha item type |
|---|---|---|---|---|---|---|---|---|---|---|---|---|
| Non-fiction | KAUAET | KAUAET | General Stacks | 31/03/2012 | Penta Books,Calicut | 275.00 | 028.702 ARI/BS | 23464 | Books | |||
| KAUAET | KAUAET | Scheme | 30/08/2016 | Calicut Book Daistributors, Calicut. | 275.00 | 028.702 ARI/BS | BB 266 | Book Bank scheme for SC students |
